| 000 | 00806 a2200205 4500 | ||
|---|---|---|---|
| 005 | 20080901161548.0 | ||
| 008 | 080901t xxu||||| |||| 00| 0 eng d | ||
| 010 | _aENG-87478 | ||
| 020 |
_c1450.00 _a8176299146 |
||
| 035 | _aEN-71011 | ||
| 037 | _bD.B.Act / Pub | ||
| 082 | _a340.112 | ||
| 100 | _aBandyopadhyay, Rathin | ||
| 245 |
_aHuman rights of the non-citizen _cby Rathin Bandyopadhyay _blaw and reality |
||
| 260 |
_aNew Delhi _bDeep & Deep Publications _c2007 |
||
| 300 |
_axlix, 582 p. _c22 cm. (Hb). |
||
| 500 | _aIncludes bibliographical references and index | ||
| 942 |
_adpl _cEN _k340.112 / BAN _2ddc _h340.112 _mBAN |
||
| 999 |
_c6551 _d6551 |
||